Ő is a 2. körzet jelöltje Börcsök Antal Vállalkozók Pártja
Elmentve itt :
| Dokumentumtípus: | Cikk |
|---|---|
| Megjelent: |
1994-03-19
|
| Sorozat: | Délmagyarország
84 No. 65 |
| Kulcsszavak: | választások |
| Online Access: | http://dmarchiv.bibl.u-szeged.hu/114410 |
| LEADER | 00438nab a2200145 i 4500 | ||
|---|---|---|---|
| 001 | delm114410 | ||
| 005 | 20191010090828.0 | ||
| 008 | 191010s1994 hu o 0|| hun d | ||
| 040 | |a SZTE Délmagyarország Archívum |b hun | ||
| 041 | |a hun | ||
| 245 | 0 | 0 | |a Ő is a 2. körzet jelöltje |h [elektronikus dokumentum] : |b Börcsök Antal Vállalkozók Pártja |
| 260 | |c 1994-03-19 | ||
| 300 | |a 5 | ||
| 490 | 0 | |a Délmagyarország |v 84 No. 65 | |
| 695 | |a választások | ||